| 000 | 01419nam a2200193Ia 4500 | ||
|---|---|---|---|
| 999 |
_c8263 _d8263 |
||
| 005 | 20241127175215.0 | ||
| 008 | 230609s9999 xx 000 0 und d | ||
| 040 |
_aUPAN _cBiblioteca San Vicente _eRCAA2 |
||
| 041 | _aspa | ||
| 082 |
_a348.022 _bM539c _c1996 |
||
| 100 |
_aMendoza Orantes, Ricardo _4aut. |
||
| 245 | 0 |
_aConstitucion y leyes penales/ _bLi. Ricardo Mendoza Orantes |
|
| 250 | _a6° ed. | ||
| 260 |
_aEl Salvador; _bJuridica salvadoreña, _c1996 |
||
| 300 |
_a522 p.: _c25 cm. |
||
| 505 | _a1. Constitución 2. Ley de procedimientos constitucionales 3. Código penal 4. Código procesal penal 5. Ley del menor infractor 6. ley de vigilancia y control de ejecución de medidas al menor infractor 7. Ley del instituto salvadoreño de protección al menor 8. Ley de estado peligroso 9. Ley del regimen de centros penales y de readaptación 10. Ley de procedimientos para la imposición del arresto o multa administrativa 11. Ley represiva del contrabando de mercaderías y de la defraudación de la renta de aduanas 12. Ley de procedimientos especiales sobre accidentes de transito 13. Ley reguladora de las actividades relativas a las drogas 14. Reglamento de estupefacientes 15. Se establecen disposiciones legales para la regulación de manifestaciones o concentraciones, sean estas de carácter político o gremial 16. Índice general | ||
| 650 |
_2LEMB _aDerecho penal |
||
| 942 |
_cBK _2ddc |
||